00545cam a22002171 4500001001300000003000400013005001700017008004100034010001700075035002000092040001800112042001200130050001800142100004200160245002000202260001100222300002100233500001600254650002300270710003400293sa 65004903 DLC20260227112134.0890515s1964 ii 000 0 maro  asa 65004903  a(OCoLC)19707506 aDLCcWaUdDLC apremarc00aHQ470.M3bK371 aKarve, Irawati Karmarkar,d1905-1970.10aAślīlatā. c[1964] a4, 56 p.c22 cm. aIn Marathi. 0aErotic literature.2 aMumbai Marathi Sahitya Sangh.